Responses for Show #5616 - Monday, January 26, 2009

Matt Kohlstedt game 6.

Contestants

[<< previous game]

Melinda Hautala, an arts administrator from Lexington, Kentucky

Keith Costigan, a teacher from Lower Gwynedd, Pennsylvania

Matt Kohlstedt, a graduate student originally from La Grange, Illinois (whose 5-day cash winnings total $77,803)

[next game >>]

Jeopardy! Round responses

HISTORIC AMERICA
NOT SO LIL' WAYNES
IT'S A GROUP THING
THE RED, WHITE & BREW
"EE"
FICTION SCIENCE
    $200 6
Teddy Roosevelt

Matt
    $200 1
Wayne Gretzky

Melinda
    $200 16
a clan

Keith
    $200 26
Sam Adams

Matt
    $200 11
degrees

Matt
    $200 21
poetic justice

Triple Stumper
    $400 7
Alaska

Keith
    $400 2
Wayne Brady

Matt
    $400 17
a convoy

Keith
    $400 27
(Matt: What is Anheuser-Busch?)
(Melinda: What is Coors?)

Miller

MattKeithMelinda
    $400 12
career

Matt
    $400 22
(Matt: What's a bomb?)

a gun

MattMelinda
    $600 8
(Matt: What is Salem?)

Plymouth

MattMelinda
    $600 3
John Wayne

Matt
    $600 18
a combo

Matt
    $600 28
Coors

Melinda
    $600 13
a Greek

Keith
    $600 23
the denouement

Matt
    $800 9
Patrick Henry

Keith
    $800 4
Mike Myers

Melinda
    $800 19
a parliament

Melinda
    $1,000 29
Anheuser-Busch

Melinda
    $800 14
breech

Keith
    $800 24
irony

Triple Stumper
    $1000 10
St. Augustine

Keith
    $1000 5
Wayne Dyer

Melinda
    $1000 20
a congregation

Melinda
    $1000 30
(Matt: What is [*] Steam?)

Anchor

Matt
    $1000 15
Eeyore

Keith
    $1000 25
a MacGuffin

Melinda

Scores at the first commercial break (after clue 15):

Matt Keith Melinda
$1,200 $4,600 $2,600

Scores at the end of the Jeopardy! Round:

Matt Keith Melinda
$2,800 $5,600 $7,000

Double Jeopardy! Round responses

OPERA WOMEN
SPECIAL OPS MOVIES
THE CALL OF THE ROMAN UMPIRE
(Alex: You have to give us the baseball equivalent of each Latin phrase we give you.)
MIDDLE NAMES
WORDS FROM PLACES
FICTION SCIENCE
    $400 26
Aida

Melinda
    $400 6
Chuck Norris

Matt
    $400 1
safe

Matt
    $400 11
Glasgow

Matt
    $400 16
Mecca

Matt
    $400 21
cold fusion

Keith
    $800 27
Lucia

Triple Stumper
    $800 7
G.I. Jane

Matt
    $800 2
time (or time out)

Melinda
    $800 12
Luther

Matt
    $800 17
(Melinda: What is bolognese?)

hollandaise

KeithMelinda
    $800 22
element

Matt
    $1200 28
The Girl of the Golden West

Triple Stumper
    $1200 8
Somalia

Matt
    $2,000 3
(Melinda: What is...)

ball four

Melinda
    $1200 13
Caroline Kennedy

Matt
    $1200 18
Japanning

Melinda
    $1200 23
stem cells

Triple Stumper
    $1600 29
Tosca

Triple Stumper
    $1600 9
Doctors Without Borders or Médecins Sans Frontières

Triple Stumper
    $1600 4
obstruction (or interference)

Matt
    $1600 14
Linus Pauling

Matt
    $1600 19
Mosul

Keith
    $1600 24
(Matt: What's a computer processor?)

a transistor

Matt
Triple Stumper
    $2000 30
(Melinda: What is La bohème?)

La traviata

KeithMelinda
    $2000 10
(Keith: What are Scuds?)
(Matt: What are Patriot missiles?)

Stingers

MattKeith
Triple Stumper
    $2000 5
"You're out of the game!" or "You're ejected!"

Triple Stumper
    $2000 15
Augustus

Keith
    $2,000 20
balkanization

Keith
    $2000 25
(Matt: What is Peking Man?)

Piltdown Man

MattKeith

Scores at the end of the Double Jeopardy! Round:

Matt Keith Melinda
$6,800 $14,400 $4,600
(lock game)

[wagering suggestions for these scores]

Final Jeopardy! Round responses

19th CENTURY POETS
MelindaWho is Walt Whitman
$4,599
MattWho is Whitman?
$2,401
KeithWho is Walt Whitman
$400
Walt Whitman

Final scores:

Matt Keith Melinda
$9,201 $14,800 $9,199
2nd place: $2,000 New champion: $14,800 3rd place: $1,000

Game dynamics:

Coryat scores:

Matt Keith Melinda
$6,800 $14,400 $6,400
20 R,
6 W
16 R
(including 1 DD),
1 W
13 R
(including 1 DD),
4 W
(including 1 DD)

Combined Coryat: $27,600

[game clues] [game scores] [suggest correction]

Game tape date: 2008-11-18
The J! Archive is created by fans, for fans. Scraping, republication, monetization, and malicious use prohibited; this site may use cookies and collect identifying information. See terms. The Jeopardy! game show and all elements thereof, including but not limited to copyright and trademark thereto, are the property of Jeopardy Productions, Inc. and are protected under law. This website is not affiliated with, sponsored by, or operated by Jeopardy Productions, Inc. Join the discussion at JBoard.tv.